| 000 | 01048nam a22002537a 4500 | ||
|---|---|---|---|
| 999 |
_c160958 _d160958 |
||
| 005 | 20190305160636.0 | ||
| 008 | 190218b ||||| |||| 00| 0 eng d | ||
| 010 | _aB-713158 | ||
| 020 |
_a9789383281572 _c250.00 |
||
| 035 | _aB-713158 | ||
| 037 | _bPansy Books | ||
| 040 |
_adpl _ben |
||
| 050 | _a324.0954 | ||
| 082 | _a324.0954 | ||
| 100 | _aDayal, Rajendra | ||
| 245 |
_aInroduction to political process/ _cby Rajendra Dayal |
||
| 250 | _a3rd ed. | ||
| 260 |
_aDelhi _bBook Age Publications _c2017 |
||
| 270 |
_aH-87, Lalita Park, Laxami Nagar _bDelhi _e110092 _k22458302, 9811140390 _mbrijwasipub@yahoo.com |
||
| 300 |
_a22, vp _c24cm(pbk) |
||
| 490 | _aBook Age Series | ||
| 942 |
_2ddc _cEN _h324.0954 _mDAY |
||